| 000 | 00458nam a2200133Ia 4500 | ||
|---|---|---|---|
| 008 | 231129s9999||||xx |||||||||||||| ||spa|| | ||
| 020 | _a958-664-012-4 | ||
| 040 | _bspa | ||
| 082 | _a986.102 A553 | ||
| 100 | _aAndrade Gonzalez Gerardo | ||
| 245 | 0 | _aSergio Arboleda : Estado Mayor General. Diario de Operaciones del Ejercito del Sur de la Confederacion Granadina | |
| 264 | _aBanco de la Republica | ||
| 942 |
_2ddc _cBKS |
||
| 999 |
_c24504 _d24504 |
||